| 000 | 00710nam a2200217 u 4500 | ||
|---|---|---|---|
| 005 | 20220603063710.0 | ||
| 008 | 080731s2005 r 000 0 eng d | ||
| 020 | _a9707560150 | ||
| 035 | _aUPN01000158622 | ||
| 049 | _aI | ||
| 050 | 4 |
_aPZ24.9 _bZ8.8 |
|
| 100 | 1 | _aZullo-Albertine, Germano | |
| 245 | 1 | 0 |
_aVacaciones en Venus / _cGermano Zullo-Albertine ; tr. María Jesús Arbiza. |
| 260 |
_aNaucalpan, Edo. de Méx. : _bUribe y Ferrari : _bLa Vasija : _c2005. |
||
| 300 |
_a34 p. : _bprincipalmente il. col. |
||
| 534 |
_pTítulo original: _tVacances sur Venus |
||
| 650 | 4 |
_aCuentos infantiles _96744 |
|
| 650 | 4 |
_aCUENTOS FANTASTICOS _97897 |
|
| 650 | 4 |
_aVIAJES IMAGINARIOS _94444 |
|
| 905 | _aInfantil | ||
| 999 |
_c130736 _d130736 |
||